Финансовая дисциплина как фактор макроэкономической стабилизации (Запись № 12527637)

Подробности
000 -МАРКЕР
контрольное поле 02894nam0a2200349 4500
001 - ИДЕНТИФИКАТОР ЗАПИСИ
контрольное поле RU\NLR\BIBL_A\012883466
005 - ИДЕНТИФИКАТОР ВЕРСИИ
контрольное поле 20221026170920.0
010 ## - МЕЖДУНАРОДНЫЙ СТАНДАРТНЫЙ НОМЕР КНИГИ (ISBN)
Номер (ISBN) 978-5-9906930-3-6
Тираж 20
021 ## - НОМЕР ГОСУДАРСТВЕННОЙ РЕГИСТРАЦИИ
Код страны Российская Федерация
Номер КН-П-22-046826
Номер Листа государственной регистраци КН-П-22-4043
035 ## - ДРУГИЕ СИСТЕМНЫЕ НОМЕРА
Идентификатор записи (NLR Aleph) 012883466
035 ## - ДРУГИЕ СИСТЕМНЫЕ НОМЕРА
Идентификатор записи (RuMoRGB)011147677
100 ## - ДАННЫЕ ОБЩЕЙ ОБРАБОТКИ
Данные общей обработки 20220907d2022 k y0rusy50 ca
101 0# - ЯЗЫК РЕСУРСА
Язык текста, звукозаписи и т.д. русский
102 ## - СТРАНА ПУБЛИКАЦИИ ИЛИ ПРОИЗВОДСТВА
Страна публикации Российская Федерация
105 ## - ПОЛЕ КОДИРОВАННЫХ ДАННЫХ: ТЕКСТОВЫЕ МАТЕРИАЛЫ, МОНОГРАФИЧЕСКИЕ
Кодированные данные о монографическом текстовом документе ac||z|||000zy
181 #0 - ПОЛЕ КОДИРОВАННЫХ ДАННЫХ: ВИД СОДЕРЖАНИЯ
Код вида содержания (ISBD) i
Код характеристики содержания (ISBD) axxe
182 #0 - ПОЛЕ КОДИРОВАННЫХ ДАННЫХ: ТИП СРЕДСТВА
Код типа средства (ISBD) n - непосредственное
200 1# - ЗАГЛАВИЕ И СВЕДЕНИЯ ОБ ОТВЕТСТВЕННОСТИ
Основное заглавие Финансовая дисциплина как фактор макроэкономической стабилизации
Сведения, относящиеся к заглавию монография
Первые сведения об ответственности Е. Г. Булгаков
Последующие сведения об ответственности под общей редакцией доктора экономических наук, профессора Р. М. Гусейнова
203 ## - ВИД СОДЕРЖАНИЯ И ТИП СРЕДСТВА
Вид содержания Текст
Дополнительные сведения об издании визуальный
Тип средства непосредственный
205 ## - СВЕДЕНИЯ ОБ ИЗДАНИИ
Сведения об издании Изд. 2-е, доп. и перераб.
210 ## - ПУБЛИКАЦИЯ, РАСПРОСТРАНЕНИЕ И ДР.
Место издания, распространения и т.д. Новосибирск
Имя издателя, распространителя и т. д. [б. и.]
Дата издания, распространения и т.д. 2022
215 ## - ФИЗИЧЕСКАЯ ХАРАКТЕРИСТИКА
Специфическое обозначение материала и объем 141, [1] с.
Другие сведения о физической характеристике цв. ил., портр.
Размеры 29
320 ## - ПРИМЕЧАНИЯ О НАЛИЧИИ В ДОКУМЕНТЕ БИБЛИОГРАФИИ / УКАЗАТЕЛЯ
Текст примечания Библиогр.: с. 88-96 (174 назв.)
330 ## - РЕЗЮМЕ ИЛИ РЕФЕРАТ
Текст примечания Монография освещает непростую проблему финансовой дисциплины и ее влияния на макроэкономическую стабилизацию. Автор показывает, что главная дестабилизирующая проблема российской экономики-это теневой сектор, борьба с которым требует действенного финансового контроля. Автор доказывает необходимость централизации финансового контроля, предлагает и обосновывает гипотезу создания единого органа государственного финансового контроля в России, основанную на том, что он должен иметь право не только наказывать, но и смягчать или отменять санкции. Предлагаются проекты законов о независимом высшем органе финансового контроля России и о внесении изменений и дополнений в статьи Уголовного кодекса Российской Федерации, которые, бесспорно, заинтересуют законодательные органы
606 1# - НАИМЕНОВАНИЕ ТЕМЫ КАК ПРЕДМЕТ
Наименование темы Финансовый контроль
Системный номер авторитетной/нормативной записи 1325299
Идентификатор авторитетной/нормативной записи RU\NLR\AUTH\66235445
686 1# - ИНДЕКСЫ ДРУГИХ КЛАССИФИКАЦИЙ
Индекс У26(0)17
700 #1 - ИМЯ ЛИЦА - ПЕРВИЧНАЯ ОТВЕТСТВЕННОСТЬ
Начальный элемент ввода Булгаков
Часть имени, кроме начального элемента ввода Е. Г.
Даты 1967-
Расширение инициалов личного имени Евгений Геннадьевич
942 ## - ДОПОЛНИТЕЛЬНЫЕ ЭЛЕМЕНТЫ ЗАПИСИ (АБИС)
Тип экземпляра АБИС Книга
980 ## - КОЛЛЕКЦИЯ
Название коллекции Национальная библиография
Экземпляры
Тип экземпляра Дата поступления Источник поступления Библиотека постоянного хранения Библиотека текущего хранения Место хранения Шифр хранения Штрих-код Статус экземпляра
Книга 07.09.2022 Обязательный экземпляр РНБ (Московский) РНБ (Московский) Русский книжный фонд: издания с 1957 года 2022-8/3171 1-3960505